<?xml version="1.0" encoding="UTF-8"?>
<record
    xmlns:xsi="http://www.w3.org/2001/XMLSchema-instance"
    xsi:schemaLocation="http://www.loc.gov/MARC21/slim http://www.loc.gov/standards/marcxml/schema/MARC21slim.xsd"
    xmlns="http://www.loc.gov/MARC21/slim">

  <leader>00482nam a2200181Ia 4500</leader>
  <controlfield tag="008">230718s9999    xx            000 0 und d</controlfield>
  <datafield tag="020" ind1=" " ind2=" ">
    <subfield code="a">9781905209668</subfield>
  </datafield>
  <datafield tag="041" ind1=" " ind2=" ">
    <subfield code="a">eng</subfield>
  </datafield>
  <datafield tag="082" ind1=" " ind2=" ">
    <subfield code="a">681</subfield>
    <subfield code="b">RIP</subfield>
  </datafield>
  <datafield tag="100" ind1=" " ind2=" ">
    <subfield code="a">Ripka P. (Editor)</subfield>
    <subfield code="9">154188</subfield>
  </datafield>
  <datafield tag="245" ind1=" " ind2=" ">
    <subfield code="a">Modern Sensors Handbook</subfield>
  </datafield>
  <datafield tag="260" ind1=" " ind2=" ">
    <subfield code="b">Iste</subfield>
  </datafield>
  <datafield tag="300" ind1=" " ind2=" ">
    <subfield code="a">518</subfield>
    <subfield code="d">Ref 474 I (28671)</subfield>
  </datafield>
  <datafield tag="365" ind1=" " ind2=" ">
    <subfield code="c">Rs.</subfield>
    <subfield code="b">1695.00</subfield>
  </datafield>
  <datafield tag="500" ind1=" " ind2=" ">
    <subfield code="a">474 I</subfield>
  </datafield>
  <datafield tag="700" ind1=" " ind2=" ">
    <subfield code="a">Ripka P. (Editor) &amp; Tipek A. (Editor)</subfield>
    <subfield code="9">189650</subfield>
  </datafield>
  <datafield tag="906" ind1=" " ind2=" ">
    <subfield code="d">B:201503-Oct-2007</subfield>
    <subfield code="c">ME INS</subfield>
  </datafield>
  <datafield tag="999" ind1=" " ind2=" ">
    <subfield code="c">317464</subfield>
    <subfield code="d">317464</subfield>
  </datafield>
  <datafield tag="952" ind1=" " ind2=" ">
    <subfield code="0">0</subfield>
    <subfield code="1">0</subfield>
    <subfield code="2">ddc</subfield>
    <subfield code="3">Ref 474 I (28671)</subfield>
    <subfield code="4">0</subfield>
    <subfield code="7">3</subfield>
    <subfield code="a">CCEP</subfield>
    <subfield code="b">CCEP</subfield>
    <subfield code="d">2007-10-15</subfield>
    <subfield code="e">Tbs</subfield>
    <subfield code="f">ME INS</subfield>
    <subfield code="g">1695.00</subfield>
    <subfield code="i">2015</subfield>
    <subfield code="o">681</subfield>
    <subfield code="p">CCEP-BK-28671</subfield>
    <subfield code="r">2023-07-18 00:00:00</subfield>
    <subfield code="v">1695.00</subfield>
    <subfield code="w">2007-10-03</subfield>
    <subfield code="y">BK</subfield>
    <subfield code="z">028671</subfield>
  </datafield>
</record>
